Architecture Cities and the Systems Approach (Record no. 5621)

000 -LEADER
fixed length control field 00278nam a2200109Ia 4500
008 - FIXED-LENGTH DATA ELEMENTS--GENERAL INFORMATION
fixed length control field 200302s9999 xx 000 0 und d
100 ## - MAIN ENTRY--PERSONAL NAME
Personal name Francis Ferguson
245 ## - TITLE STATEMENT
Title Architecture Cities and the Systems Approach
260 ## - PUBLICATION, DISTRIBUTION, ETC.
Name of publisher, distributor, etc. George Braziller
260 ## - PUBLICATION, DISTRIBUTION, ETC.
Date of publication, distribution, etc. 1975
300 ## - PHYSICAL DESCRIPTION
Extent 168 P.,
Holdings
Withdrawn status Lost status Damaged status Not for loan Permanent Location Current Location Date acquired Cost, normal purchase price Total Checkouts Full call number Barcode Date last seen Date last checked out Price effective from Koha item type
        BMS College of Architecture, Design and Planning BMS College of Architecture, Design and Planning 2020-03-03 350.00 1 309.262 CL-PG44891 2024-12-28 2024-12-23 2020-03-03 PG Books from CL
Copyright © 2025, The Librarian, Library and Information Centre, BMSCA D&P, Bengaluru. All Rights Reserved
web counter

Powered by Koha